000 00594nam a22001817a 4500
008 151012b xxu||||| |||| 00| 0 eng d
020 _a0070068836 (acidfree paper)
041 0 _aeng
080 _a658.7
100 1 _aBowersox, Donald J.
245 1 0 _aLogistical management :
_cDonald J. Bowersox, David J. Closs.
260 _aNew York :
_bMcGraw-Hill Companies,
_c1996.
300 _axix, 730 f. :
_bme il.;
_c24 cm.
650 0 _aShpërndarja fizike e produkteve
650 0 _aMenaxhimi i materialeve
700 1 _aCloss, David J.
942 _2udc
_cBK
999 _c1259
_d1259